[Event "GER-chT School WK Girls"]
[Site "Playchess.com INT"]
[Date "2020.06.10"]
[Round "3.4"]
[White "Hartmann, Maria"]
[Black "Balcytis, Karolina"]
[Result "1-0"]
[WhiteElo "1583"]
[BlackElo "1112"]
[PlyCount "41"]
[EventDate "2020.06.10"]
[EventType "team-swiss (blitz)"]
[EventRounds "7"]
[EventCountry "GER"]
[SourceTitle "EXT 2021"]
[Source "ChessBase"]
[SourceDate "2020.10.23"]
[SourceVersion "1"]
[SourceVersionDate "2020.10.23"]
[SourceQuality "1"]
[WhiteTeam "Oppenheim Gymn"]
[BlackTeam "Ottweiler Gymn"]
[WhiteTeamCountry "GER"]
[BlackTeamCountry "GER"]

1. e4 Nf6 2. Nc3 Nc6 3. Nf3 b6 4. Bc4 g6 5. Ng5 a5 6. Nxf7 d5 7. Nxd8 Kxd8 8. exd5 Nxd5 9. Bxd5 Bd7 10. Bxc6 Bxc6 11. d3 h5 12. d4 Bd7 13. d5 c6 14. dxc6 Kc8 15. cxd7+ Kb7 16. d8Q Rxd8 17. Qxd8 a4 18. Nxa4 b5 19. Nc5+ Ka7 20. Qc7+ Ka8 21. Qb7# 1-0